[Event "Olympiad Women 2024"]
[Site "Budapest HUN"]
[Date "2024.09.14"]
[Round "4.11"]
[Board "1"]
[White "Bulmaga, Irina"]
[Black "Kashlinskaya, Alina"]
[Result "1/2-1/2"]
[WhiteElo "2406"]
[BlackElo "2490"]
[PlyCount "132"]
[EventDate "2024.09.11"]
[WhiteTeam "Romania"]
[BlackTeam "Poland"]
[WhiteTeamCountry "ROU"]
[BlackTeamCountry "POL"]

1. e4 e5 2. Nf3 Nc6 3. Bc4 Nf6 4. d3 Be7 5. Nc3 O-O 6. a3 d6 7. Be3 Nd7 $146 ({RR} 7... Be6 8. Nd5 Qd7 9. O-O Bd8 10. Bg5 Bxd5 11. Bxd5 Nxd5 12. exd5 Ne7 13. c4 Ng6 14. Bd2 f5 15. Qc2 c5 16. b4 b6 17. a4 Bf6 18. Rab1 Rae8 19. bxc5 bxc5 20. a5 e4 21. dxe4 fxe4 22. Ng5 {½-½ Rudolph,P (2201)-Bussek,B Hessenliga 9900 1999 (4.8)}) ({RR} 7... Be6 8. Nd5 Bxd5 9. exd5 Nb8 10. a4 c6 11. dxc6 bxc6 12. Ba2 Nbd7 13. O-O d5 14. c3 a5 15. Qc2 Re8 16. b4 axb4 17. cxb4 Bxb4 18. Qxc6 Qa5 19. Bb3 Rac8 20. Qb5 Qxb5 21. axb5 Rb8 22. Rfc1 {½-½ Firouzja,A (2767)-Carlsen,M (2832) SpeedChess Final 2024 (2.10)}) ({RR} 7... Be6 8. Nd5 Bxd5 9. exd5 Nb8 10. O-O Re8 11. Re1 Nbd7 12. Bb3 Ng4 13. Bd2 Nb6 14. c4 c6 15. dxc6 bxc6 16. Bc3 Bf8 17. d4 e4 18. Nd2 Qh4 19. Rxe4 Qxf2+ 20. Kh1 Rxe4 21. Nxe4 Qf4 {0-1 Popov,K (1909)-Sakhvadze,G (2119) Kislovodsk op 2013 (5)}) ({RR} 7... Be6 8. b4 a6 9. Nd5 Qd7 10. Qd2 Bxd5 11. Bxd5 Nxd5 12. exd5 Nd8 13. O-O c6 14. dxc6 Nxc6 15. Ng5 h6 16. Nf3 f5 17. Rfe1 Bf6 18. Rad1 Qc7 19. Qe2 Rac8 20. c4 b5 21. cxb5 axb5 22. Rc1 {0-1 Orlova,A (1621)-Heutling,E (1712) GER-ch U14 Girls 2019 (1)}) 8. Ba2 Nb6 9. Ne2 Kh8 10. h4 f5 11. Ng5 Bxg5 12. hxg5 Qe8 13. exf5 Bxf5 14. Ng3 Bg6 15. Qg4 Nd4 16. O-O-O c5 17. Rh2 d5 18. Rdh1 Kg8 19. Ne4 Qc8 20. Qxc8 Raxc8 21. Nc3 c4 22. Kd2 Nxc2 23. Bxb6 axb6 24. Kxc2 Rxf2+ 25. Kc1 cxd3 26. Bxd5+ Bf7 27. Bxf7+ Kxf7 28. g3 Rf3 29. Kd2 Rxg3 30. Rh3 Rg2+ 31. Kxd3 Rxb2 32. Rb1 Rxc3+ 33. Kxc3 Rxb1 34. Rxh7 Kg6 35. Rh2 Kxg5 36. Rg2+ Kf6 37. Rf2+ Ke6 38. Rg2 Rc1+ 39. Kd3 Rc7 40. Rg6+ Kd5 41. Rxb6 e4+ 42. Ke3 Rc3+ 43. Ke2 Rxa3 44. Rxb7 g5 45. Rb5+ Kd4 46. Rxg5 Ra2+ 47. Ke1 Kd3 48. Re5 Ke3 49. Kf1 Ra1+ 50. Kg2 Re1 51. Ra5 Rd1 52. Re5 Rd8 53. Kf1 Rf8+ 54. Ke1 Ra8 55. Kf1 Ra1+ 56. Kg2 Kd3 57. Kf2 Ra2+ 58. Kf1 Ra7 59. Kf2 Rf7+ 60. Ke1 Ke3 61. Ra5 Rd7 62. Ra8 Rd3 63. Rh8 Rc3 64. Rh3+ Kd4 65. Rxc3 Kxc3 66. Ke2 Kd4 1/2-1/2

[Event "Olympiad Women 2024"]
[Site "Budapest HUN"]
[Date "2024.09.14"]
[Round "4.11"]
[Board "2"]
[White "Socko, Monika"]
[Black "Sandu, Mihaela"]
[Result "1-0"]
[WhiteElo "2422"]
[BlackElo "2248"]
[PlyCount "87"]
[EventDate "2024.09.11"]
[WhiteTeam "Poland"]
[BlackTeam "Romania"]
[WhiteTeamCountry "POL"]
[BlackTeamCountry "ROU"]

1. d4 Nf6 2. c4 e6 3. Nc3 Bb4 4. Bd2 b6 5. a3 Bxc3 6. Bxc3 O-O 7. Nf3 Ne4 8. Qc2 Bb7 9. e3 Nxc3 10. Qxc3 d6 ({RR} 10... Bxf3 11. gxf3 Qf6 12. Be2 Nc6 13. f4 Rad8 14. Bf3 Ne7 15. h4 c5 16. d5 Qxc3+ 17. bxc3 d6 18. a4 e5 19. fxe5 dxe5 20. a5 Nc8 21. axb6 axb6 22. Be2 Nd6 23. f3 e4 24. f4 Ra8 25. Kf2 {½-½ Pham Le Thao Nguyen (2395)-Cori T.,D (2367) WSCC Speed Play-In 4 2024 (2)}) 11. h4 $146 ({RR} 11. O-O-O Nd7 12. Kb1 Qe7 13. Bd3 c5 14. d5 e5 15. Qc2 Nf6 16. Nd2 b5 17. Ne4 Nxe4 18. Bxe4 g6 19. Bd3 bxc4 20. Bxc4 Rab8 21. Ka1 Bc8 22. f3 Bd7 23. b3 Bb5 24. Rb1 a5 25. Qe2 Qd7 {0-1 Colovic,U-Vuckovic,M (2009) MNT-ch U20 Pljevlja 2019 (7)}) ({RR} 11. Be2 Nd7 12. O-O f5 13. Nd2 e5 14. d5 Qh4 15. f4 e4 16. b4 Rf6 17. g3 Rg6 18. Rf2 Qe7 19. Nb3 Nf6 20. Nd4 Bc8 21. Bd1 Bd7 22. Rc1 h5 23. Rg2 h4 24. gxh4 Rxg2+ 25. Kxg2 Ng4 {1-0 Antonelli,M (2075)-Vertechi,P (1669) Rome Elo op 1st 2008 (7)}) 11... Nd7 12. O-O-O a5 13. Bd3 Bxf3 14. gxf3 Qf6 15. Qc2 Qh6 16. f4 c5 17. Be4 Rac8 18. d5 e5 19. Bf5 Rcd8 20. Bxd7 Rxd7 21. fxe5 dxe5 22. Qf5 Qd6 23. Rhg1 f6 24. h5 a4 25. Rg4 Kh8 26. Qc2 Ra7 27. f4 exf4 28. Rxf4 Re8 29. h6 gxh6 30. Qf5 Rf7 31. Qh5 Ref8 32. Qxh6 Rg7 33. Re4 Rg6 34. Qh5 Rfg8 35. Re6 Qg3 36. Rh1 R6g7 37. Qf5 Qg2 38. Rd1 Qe2 39. Qxf6 Qxc4+ 40. Kb1 Qb3 41. Rh1 Qd3+ 42. Ka1 Qg6 43. Qe5 Qd3 44. Rg1 1-0

[Event "Olympiad Women 2024"]
[Site "Budapest HUN"]
[Date "2024.09.14"]
[Round "4.11"]
[Board "3"]
[White "Lehaci, Miruna-Daria"]
[Black "Kiolbasa, Oliwia"]
[Result "1/2-1/2"]
[WhiteElo "2180"]
[BlackElo "2348"]
[PlyCount "65"]
[EventDate "2024.09.11"]
[WhiteTeam "Romania"]
[BlackTeam "Poland"]
[WhiteTeamCountry "ROU"]
[BlackTeamCountry "POL"]

1. e4 c5 2. Nf3 d6 3. d4 cxd4 4. Nxd4 Nf6 5. Nc3 Nc6 6. Bg5 e6 7. Qd2 a6 8. O-O-O Bd7 9. Nxc6 Bxc6 10. f3 Be7 11. Be3 $146 ({RR} 11. h4 h6 12. Bf4 h5 13. Bxd6 Bxd6 14. Qxd6 Qxd6 15. Rxd6 Ke7 16. Rd2 b5 17. a3 Nd7 18. Ne2 Ne5 19. Nd4 Bb7 20. Be2 Rhd8 21. Rhd1 Ng6 22. g3 Rac8 23. Nb3 Rxd2 24. Kxd2 Ne5 25. c3 f5 {1-0 Martinez Martin,D (2385)-Novozhilov,S (2272) Titled Tue 28th Nov Early 2023 (7)}) ({RR} 11. h4 Qa5 12. Kb1 Rc8 13. Bd3 h6 14. Be3 Qc7 15. g4 Nd7 16. g5 hxg5 17. hxg5 Rxh1 18. Rxh1 Ne5 19. Be2 b5 20. f4 b4 21. Nd5 Bxd5 22. exd5 Nc4 23. Bxc4 Qxc4 24. dxe6 fxe6 25. Re1 Qe4 {1-0 Wang,H (2722)-Guseinov,G (2661) Shusha Rapid 2022 (4)}) ({RR} 11. Kb1 O-O 12. h4 b5 13. Ne2 a5 14. Nd4 Qb6 15. h5 h6 16. Be3 Qb7 17. g4 d5 18. e5 Nd7 19. f4 b4 20. Rg1 a4 21. g5 hxg5 22. f5 b3 23. Bxg5 Rfb8 24. axb3 axb3 25. Bxe7 bxc2+ {0-1 Zwirs,N (2474)-Collins,A (2189) Titled Tue 13th Feb Late 2024 (1)}) ({RR} 11. Kb1 Qc7 12. h4 h5 13. Ne2 b5 14. Nd4 Bd7 15. Bd3 Qb6 16. Be3 Qb7 17. Rhe1 b4 18. Bg5 Qb6 19. Bc4 Qc7 20. Bd3 a5 21. f4 Qb6 22. Nf3 Ng4 23. Bxe7 Kxe7 24. e5 Rh6 25. exd6+ Qxd6 {1-0 Adhiban,B (2541)-Povshednyi,I (2250) 8th Semana Santa Alicante 2024 (2.6)}) 11... h5 12. Kb1 b5 13. Ne2 Rc8 14. Nd4 Bb7 15. Rc1 Nd7 16. c4 bxc4 17. Bxc4 d5 18. exd5 Nb6 19. Nc6 Nxc4 20. Rxc4 Qxd5 21. Nxe7 Qxd2 22. Rxc8+ Kxe7 23. Rc7+ Qd7 24. Rxd7+ Kxd7 25. Rd1+ Bd5 26. h4 Rc8 27. b3 Ke7 28. Kb2 f6 29. Rd4 Kd6 30. Rb4 e5 31. Rb6+ Rc6 32. Rxc6+ Kxc6 33. Kc3 1/2-1/2

[Event "Olympiad Women 2024"]
[Site "Budapest HUN"]
[Date "2024.09.14"]
[Round "4.11"]
[Board "4"]
[White "Sliwicka, Alicja"]
[Black "Ciolacu, Alessia-Mihaela"]
[Result "1-0"]
[WhiteElo "2373"]
[BlackElo "2160"]
[PlyCount "97"]
[EventDate "2024.09.11"]
[WhiteTeam "Poland"]
[BlackTeam "Romania"]
[WhiteTeamCountry "POL"]
[BlackTeamCountry "ROU"]

1. e4 e5 2. Nf3 Nc6 3. Bc4 Bc5 4. d3 Nf6 5. Bg5 d6 6. c3 h6 7. Bh4 a5 8. a4 ({RR} 8. O-O Bb6 9. Kh1 g5 10. Bg3 Nh5 11. Nbd2 Bg4 12. h3 Bd7 13. Bb5 Nf4 14. Nc4 h5 15. Nxb6 cxb6 16. Nd2 Kf8 17. d4 Ne7 18. Bxd7 Qxd7 19. dxe5 dxe5 20. Nf3 Qc7 21. Nxg5 Rd8 22. Qc2 Neg6 {1-0 Firouzja,A (2777)-Carlsen,M (2835) SuperUnited Rapid 2023 (5.5)}) 8... Ba7 9. Nbd2 O-O 10. O-O $146 ({RR} 10. h3 g5 11. Nxg5 hxg5 12. Bxg5 Kg7 13. Qf3 Be6 14. Nf1 Rh8 15. Ne3 Qe7 16. O-O-O Rag8 17. Rhf1 Nb8 18. d4 exd4 19. cxd4 Nbd7 20. e5 dxe5 21. d5 Qb4 22. Qe2 Bxh3 23. gxh3 Kf8 24. h4 Bd4 {1-0 Giri,A (2768)-Ding Liren (2788) Superbet Classic 2023 (7.4)}) ({RR} 10. h3 g5 11. Nxg5 hxg5 12. Bxg5 Kg7 13. Qf3 Be6 14. Nf1 Kg6 15. h4 Rg8 16. Ne3 Bxe3 17. fxe3 Nb8 18. O-O Nbd7 19. Rf2 Bxc4 20. dxc4 d5 21. cxd5 Ra6 22. Raf1 Qe8 23. Bxf6 Nxf6 24. c4 Kh6 {0-1 Durarbayli,V (2628)-Kollars,D (2656) Titled Tue 23rd Jul Late 2024 (10)}) ({RR} 10. h3 g5 11. Nxg5 hxg5 12. Bxg5 Kg7 13. Qf3 Be6 14. Rf1 Rh8 15. O-O-O Nb8 16. Qe2 Qe8 17. f4 Nbd7 18. fxe5 Nh7 19. Qh5 Nxe5 20. Bh6+ Kg8 21. d4 Nxc4 22. Rf3 Nf8 23. Rdf1 Ng6 24. Rg3 Nxd2 {1-0 Caruana,F (2795)-Firouzja,A (2777) Saint Louis Blitz 2023 (6.3)}) 10... Qe7 11. Re1 Be6 12. Bb5 Nb8 13. d4 Bg4 14. h3 Bh5 15. g4 Bg6 16. Nf1 c6 17. Bd3 Nbd7 18. Ng3 Qe6 19. Nf5 Nb6 20. Bg3 Bb8 21. Bc2 Re8 22. Bb3 Qd7 23. dxe5 dxe5 24. Qe2 Bc7 25. Rad1 Qc8 26. N3h4 Bh7 27. Rd2 Qb8 28. Red1 c5 29. Ba2 Ra6 30. f3 Bxf5 31. Nxf5 Nh7 32. Bf2 Ng5 33. Kh2 Nxa4 34. h4 Ne6 35. Bc4 Nf4 36. Bxf7+ Kxf7 37. Qc4+ Ne6 38. Rd7+ Kf8 39. Qxa4 b5 40. Qa2 c4 41. b3 Rc6 42. bxc4 Rxc4 43. Qd2 Rd8 44. Nxg7 Nd4 45. Ne6+ Ke8 46. Rxd8+ Qxd8 47. cxd4 exd4+ 48. Nxc7+ Qxc7+ 49. Kg2 1-0

[Event "Olympiad Women 2024"]
[Site "Budapest HUN"]
[Date "2024.09.14"]
[Round "4.12"]
[Board "2"]
[White "Fataliyeva, Ulviyya"]
[Black "Urh, Zala"]
[Result "1/2-1/2"]
[WhiteElo "2378"]
[BlackElo "2251"]
[PlyCount "95"]
[EventDate "2024.09.11"]
[WhiteTeam "Azerbaijan"]
[BlackTeam "Slovenia"]
[WhiteTeamCountry "AZE"]
[BlackTeamCountry "SLO"]

1. Nf3 Nf6 2. c4 g6 3. Nc3 Bg7 4. e4 e5 5. Nxe5 O-O 6. Nf3 Re8 7. d3 d5 8. cxd5 Nxd5 9. Nxd5 Qxd5 10. Be2 Qd6 11. O-O c5 12. Nd2 ({RR} 12. Qc2 Nc6 13. Be3 b6 14. a3 Bg4 15. Ng5 Be6 16. Nxe6 Qxe6 17. Kh1 Rad8 18. f4 Bd4 19. f5 Qe7 20. Qd2 Bxe3 21. Qxe3 Qe5 22. Rab1 Nd4 23. Qf2 gxf5 24. Bh5 f4 25. Bg4 Ne6 26. Rbd1 Kh8 {1-0 Aronian,L (2784)-Grischuk,A (2752) chess.com gf blitz 5m+2spm 2016 (6)}) ({RR} 12. Be3 Nc6 13. Qa4 Bd7 14. Qa3 b6 15. Rfd1 Bg4 16. d4 Rxe4 17. dxc5 Qe7 18. Rac1 b5 19. h3 b4 20. Qa6 Rxe3 21. fxe3 Qxe3+ 22. Kh1 Re8 23. Qxc6 Bxb2 24. Rc2 Bc3 25. hxg4 h5 26. Bc4 Kg7 {1-0 Wells,P (2364)-Shafi,D (2222) 110th ch-GBR 2024 (6.19)}) 12... Nc6 13. f4 $146 ({RR} 13. Nc4 Qc7 14. g3 Be6 15. Bf4 Qd8 16. Rc1 b6 17. Qd2 Bxc4 18. Rxc4 Qd7 19. Kg2 Rad8 20. Bg5 Rc8 21. h3 Nd4 22. Be3 Rcd8 23. Rd1 f5 24. f3 a5 25. h4 Qd6 26. h5 gxh5 27. Bxd4 Bxd4 {½-½ Javakhishvili,L (2446)-Padmini,R (2353) Women's World Teams PoolA 2023 (4.2)}) ({RR} 13. Nc4 Qd8 14. f4 Nd4 15. Bf3 Be6 16. e5 Nxf3+ 17. Qxf3 Bf8 18. Nd2 Qd4+ 19. Kh1 Red8 20. Ne4 Be7 21. Be3 Qxd3 22. Bxc5 Qxf3 23. Rxf3 Bxc5 24. Nxc5 Bd5 25. Rc3 b6 26. Nb3 a5 27. Kg1 Bxb3 {½-½ Stremavicius,T (2506)-Yoo,C (2449) Saint Louis Winter-A 2019 (5)}) 13... Nd4 14. Nc4 Qe7 15. Be3 Be6 16. Rc1 Rad8 17. b3 b6 18. Bxd4 Bxd4+ 19. Kh1 b5 20. Nd2 a5 21. Rc2 f5 22. Qe1 Ra8 23. Nf3 Red8 24. Nxd4 Rxd4 25. Bf3 Ra7 26. Qc3 a4 27. b4 fxe4 28. Bxe4 Rxb4 29. Re1 Qd6 30. Rce2 Bf7 31. f5 gxf5 32. Bxf5 Rh4 33. h3 Qd4 34. Qc1 Rh5 35. Re4 Qf2 36. Rg4+ Bg6 37. Bxg6 hxg6 38. Rf1 Qxa2 39. Qf4 Rg7 40. Qb8+ Kh7 41. Qxb5 a3 42. Qc4 Qxc4 43. Rxc4 Ra7 44. Ra1 a2 45. Rc2 Rd5 46. Rcxa2 Rxa2 47. Rxa2 Rxd3 48. Rc2 1/2-1/2

[Event "Olympiad Women 2024"]
[Site "Budapest HUN"]
[Date "2024.09.14"]
[Round "4.12"]
[Board "3"]
[White "Janzelj, Lara"]
[Black "Beydullayeva, Govhar"]
[Result "0-1"]
[WhiteElo "2193"]
[BlackElo "2395"]
[PlyCount "74"]
[EventDate "2024.09.11"]
[WhiteTeam "Slovenia"]
[BlackTeam "Azerbaijan"]
[WhiteTeamCountry "SLO"]
[BlackTeamCountry "AZE"]

1. d4 Nf6 2. c4 e6 3. Nf3 d5 4. g3 Bb4+ 5. Bd2 Be7 6. Bg2 O-O 7. O-O Nbd7 8. Qc2 c6 9. Rd1 a5 10. b3 b6 ({RR} 10... Ne4 11. Bf4 f5 12. Nc3 g5 13. Bc1 Bf6 14. Bb2 Qe8 15. e3 Qh5 16. Nxe4 fxe4 17. Ne5 Bxe5 18. dxe5 g4 19. Qc3 Rf5 20. cxd5 exd5 21. Bxe4 dxe4 22. Rxd7 Rxf2 23. Rd8+ Kf7 24. Kxf2 Qxh2+ 25. Ke1 {1-0 Vidit,S (2726)-Andreikin,D (2726) Speed Chess Invitational blitz 2020 (2.8)}) 11. Bf4 ({RR} 11. Bc3 Ba6 12. Nbd2 b5 13. e4 dxc4 14. bxc4 bxc4 15. Ne5 Nxe5 16. dxe5 Nd7 17. Bd4 Nb6 18. Bxb6 Qxb6 19. Nxc4 Qc5 20. Bf1 Bxc4 21. Qxc4 Qxe5 22. Qxc6 Rac8 23. Qa4 g5 24. Rac1 Bc5 25. Qb5 Rc7 {½-½ Laxman,R (2338)-Aronyak,G (2545) 14th Chennai Open 2023-24 (7.2)}) 11... Ba6 12. Nbd2 Nh5 13. Ne5 $146 ({RR} 13. Be3 b5 14. c5 b4 15. Nf1 Qb8 16. Ne1 e5 17. dxe5 Nxe5 18. Nd3 Bf6 19. Rac1 Re8 20. Nf4 Nxf4 21. Bxf4 Qb5 22. Bxe5 Bxe5 23. e3 a4 24. h4 a3 25. Nh2 Bb2 26. Rb1 Bc3 27. Bf1 Qxc5 {0-1 Markowski,T (2612)-Gajewski,G (2618) Trzcianka Dziedzic Memorial 2nd rapid 2012 (7)}) ({RR} 13. Be3 Rc8 14. Ne5 Nhf6 15. Ndf3 c5 16. Qb2 Bb7 17. Rac1 Qe8 18. dxc5 bxc5 19. cxd5 Bxd5 20. Nc4 a4 21. bxa4 Rb8 22. Qc2 Rb4 23. Nfd2 Qa8 24. f3 Rxa4 25. a3 Bc6 26. Bf2 Ra7 27. Qa2 Ng4 {½-½ Gorshtein,I (2498)-Anton Guijarro,D (2685) 23rd ch-EUR Indiv 2023 (7.27)}) 13... Nxf4 14. gxf4 Rc8 15. Kh1 Nf6 16. e3 c5 17. dxc5 Bxc5 18. Ndf3 Ne4 19. Nd4 Qh4 20. Bxe4 dxe4 21. Nd7 Rfd8 22. Nxc5 bxc5 23. Nb5 Rd3 24. Rg1 Rcd8 25. Rg3 g6 26. Rf1 Qh5 27. Kg2 e5 28. fxe5 Qxe5 29. Qc1 Bc8 30. Qa3 h5 31. h4 Bg4 32. Qxa5 Bf3+ 33. Kh2 Rd1 34. Nd4 R8xd4 35. exd4 Rxf1 36. Qd8+ Kg7 37. dxe5 Rh1# 0-1

[Event "Olympiad Women 2024"]
[Site "Budapest HUN"]
[Date "2024.09.14"]
[Round "4.12"]
[Board "4"]
[White "Mammadova, Gulnar"]
[Black "Vidic, Teja"]
[Result "1/2-1/2"]
[WhiteElo "2336"]
[BlackElo "2128"]
[PlyCount "120"]
[EventDate "2024.09.11"]
[WhiteTeam "Azerbaijan"]
[BlackTeam "Slovenia"]
[WhiteTeamCountry "AZE"]
[BlackTeamCountry "SLO"]

1. e4 e5 2. Nf3 Nc6 3. Bb5 a6 4. Ba4 Nf6 5. O-O Be7 6. d3 b5 7. Bb3 d6 8. a3 O-O 9. Nc3 Na5 10. Ba2 Be6 11. b4 Bxa2 12. Nxa2 Nc6 13. c4 Nd4 ({RR} 13... Qb8 14. Be3 Nd8 15. Nc3 c6 16. d4 exd4 17. Nxd4 bxc4 18. Nf5 Re8 19. Bf4 Nb7 20. Qd4 Bf8 21. Qxc4 Qc8 22. Ng3 a5 23. Rac1 axb4 24. axb4 Qg4 25. Be3 Rac8 26. h3 Qg6 27. Qa6 Rc7 28. Nd5 {1-0 Dyachuk,A (2249)-Durarbayli,V (2618) Titled Tue 25th Jun Early 2024 (2)}) 14. Bb2 ({RR} 14. Be3 Ne6 15. Nc3 c6 16. h3 h6 17. Qb3 Nh7 18. cxb5 axb5 19. d4 exd4 20. Nxd4 Nxd4 21. Bxd4 Bf6 22. Rfd1 Re8 23. Qc2 Ng5 24. Qd3 Ne6 25. Bxf6 Qxf6 26. Ne2 c5 27. Qxb5 Reb8 28. Qd3 cxb4 {½-½ Vachier Lagrave,M (2804)-Aronian,L (2799) FIDE World Cup 2017 (6.6)}) ({RR} 14. Nc3 Qd7 15. Be3 c5 16. bxc5 Nxf3+ 17. Qxf3 dxc5 18. Bg5 Qd4 19. Bxf6 Bxf6 20. Nd5 Bd8 21. Qe2 Rb8 22. Rab1 Rb7 23. Rb3 Ba5 24. Rfb1 Rfb8 25. g3 Bd8 26. h4 Kf8 27. Kg2 Kg8 28. Qg4 f5 {1-0 Subelj,J (2425)-Vidic,T (2195) Portoroz Nat Festival 30th 2020 (5)}) 14... Nxf3+ 15. Qxf3 c6 $146 ({RR} 15... Qd7 16. Rac1 c6 17. Rc2 Qe6 18. Qf5 Qxf5 19. exf5 Rfc8 20. Rfc1 c5 21. bxc5 Rxc5 22. d4 Rxc4 23. Rxc4 bxc4 24. dxe5 dxe5 25. Rxc4 Rd8 26. g4 h5 27. g5 Ng4 28. Bc1 e4 29. Rxe4 Bc5 30. Kg2 {½-½ Kovalev,V (2623)-Gharibyan,M (2491) 23rd ch-EUR Indiv 2023 (3.19)}) 16. Rfd1 Qc8 17. Rac1 Qe6 18. Nc3 Nd7 19. Ne2 Rac8 20. Qe3 f5 21. exf5 Qxf5 22. Ng3 Qf7 23. Rc2 c5 24. bxc5 Rxc5 25. Ne4 Rc7 26. Rcd2 Qf4 27. Qe2 Nb6 28. cxb5 axb5 29. Nc3 b4 30. g3 Qf7 31. axb4 Bg5 32. Rc2 Rfc8 33. Qg4 Qb3 34. Qxg5 Qxc2 35. Rd2 Qb3 36. Ne4 Na4 37. Nxd6 Nxb2 38. Nxc8 Rxc8 39. Qxe5 Na4 40. d4 h6 41. d5 Rc1+ 42. Kg2 Qxb4 43. Rd4 Qb5 44. Qe6+ Kh8 45. Qf5 Qf1+ 46. Kf3 Rc3+ 47. Kg4 Qe2+ 48. Kh3 Rf3 49. Qg4 Nc5 50. d6 Nd7 51. Qe4 Qxf2 52. Rd1 Rf8 53. Qe6 Qf5+ 54. Qxf5 Rxf5 55. Kg4 g6 56. Re1 Ne5+ 57. Kh3 Kg7 58. g4 Rg5 59. d7 Nxd7 60. Re7+ Kf6 1/2-1/2

[Event "Olympiad Women 2024"]
[Site "Budapest HUN"]
[Date "2024.09.14"]
[Round "4.13"]
[Board "1"]
[White "Francisco Guecamburu, Candela Be"]
[Black "Wagner, Dinara"]
[Result "1/2-1/2"]
[WhiteElo "2294"]
[BlackElo "2452"]
[PlyCount "76"]
[EventDate "2024.09.11"]
[WhiteTeam "Argentina"]
[BlackTeam "Germany"]
[WhiteTeamCountry "ARG"]
[BlackTeamCountry "GER"]

1. e4 c5 2. Nf3 d6 3. d4 cxd4 4. Nxd4 Nf6 5. Bd3 Nc6 6. Be3 e5 7. Nxc6 bxc6 8. c4 Be7 ({RR} 8... Ng4 9. Bd2 Qb6 10. O-O Qxb2 11. Nc3 Qb6 12. Rb1 Qd8 13. h3 Nf6 14. f4 Be7 15. Be3 exf4 16. Bxf4 O-O 17. Qe2 Nd7 18. Rbd1 Ne5 19. Bc2 Qa5 20. Qd2 Nxc4 21. Qe1 Qc5+ 22. Kh1 Ne5 23. Bb3 {0-1 Dinu,D (2190)-Dreelinck,J (2310) Titled Tue 28th May Early 2024 (5)}) 9. Nc3 O-O 10. O-O Be6 11. h3 $146 ({RR} 11. Qe2 Nd7 12. b4 Bg5 13. Rfd1 Bxe3 14. Qxe3 a5 15. b5 Qc7 16. Rac1 Nc5 17. Be2 Rfd8 18. h3 Rab8 19. Rc2 h6 20. Rcd2 Kf8 21. Kh1 Ke7 22. f4 exf4 23. Qxf4 Nb7 24. Qg3 Kf8 25. Qe3 cxb5 {0-1 Grischuk,A (2745)-Fier,A (2606) Chessable Masters Play-In 2023 (1)}) ({RR} 11. Qe2 a5 12. h3 Nd7 13. Bc2 Qc7 14. Rfd1 Nc5 15. Rac1 Rab8 16. b3 Bc8 17. f4 exf4 18. Bxf4 Nd7 19. c5 Nxc5 20. e5 d5 21. Qf3 Be6 22. Kh1 a4 23. Ne2 axb3 24. axb3 Rb4 25. Nd4 Rfb8 {0-1 Moen,O (2260)-Helmers,K (2345) Kringsja International Open 1978 (5)}) ({RR} 11. Qa4 Ng4 12. Bd2 Bg5 13. Qd1 Rb8 14. b3 Bxd2 15. Qxd2 Qh4 16. h3 Nf6 17. Qe3 Rb7 18. Rad1 Rd7 19. Be2 Nh5 20. Bxh5 Qxh5 21. Rd2 Rfd8 22. Rfd1 g6 23. Rd3 Qh4 24. Na4 Qe7 25. c5 d5 {1-0 Lenderman,A (2572)-Kaliksteyn,A (2373) 1000GM NY Mem Day GMA 2023 (3.2)}) 11... d5 12. cxd5 cxd5 13. exd5 Nxd5 14. Nxd5 Qxd5 15. b3 Rfd8 16. Bc4 Qc6 17. Qe2 Bxc4 18. Qxc4 Qxc4 19. bxc4 Rdc8 20. Rfd1 Rxc4 21. Rd7 Bf8 22. Rxa7 Rxa7 23. Bxa7 Ra4 24. Be3 f5 25. Rc1 Rxa2 26. Bc5 Ra8 27. Bxf8 Rxf8 28. Rc5 e4 29. g3 g6 30. f3 Re8 31. Kf2 Rb8 32. fxe4 fxe4 33. Re5 Rb2+ 34. Ke3 Rb3+ 35. Kf2 Rb2+ 36. Ke3 Rb3+ 37. Kf2 Rb4 38. Ke3 Rb3+ 1/2-1/2

[Event "Olympiad Women 2024"]
[Site "Budapest HUN"]
[Date "2024.09.14"]
[Round "4.13"]
[Board "2"]
[White "Paehtz, Elisabeth"]
[Black "Campos, Maria Jose"]
[Result "1-0"]
[WhiteElo "2455"]
[BlackElo "2252"]
[PlyCount "105"]
[EventDate "2024.09.11"]
[WhiteTeam "Germany"]
[BlackTeam "Argentina"]
[WhiteTeamCountry "GER"]
[BlackTeamCountry "ARG"]

1. d4 Nf6 2. c4 e6 3. Nf3 d5 4. g3 dxc4 5. Bg2 Nc6 6. O-O Rb8 7. e3 Bd7 8. Qe2 b5 9. b3 cxb3 10. axb3 Rb6 $146 ({RR} 10... Bb4 11. Bd2 Qe7 12. Rc1 O-O 13. Ne5 Nxe5 14. dxe5 Nd5 15. e4 Nb6 16. Rxc7 a5 17. Nc3 Rfc8 18. Rxc8+ Rxc8 19. Nd1 Bxd2 20. Qxd2 a4 21. bxa4 bxa4 22. Ne3 Qc5 23. Rb1 a3 24. Qa2 Ra8 25. h4 {0-1 Buzas,B (2213)-Egresi,M (2294) HUN-ch rapid 2018 (7)}) ({RR} 10... Bd6 11. Bb2 O-O 12. Rc1 Nd5 13. Nbd2 a5 14. Ne4 a4 15. Nfd2 Na5 16. Qd3 Nb4 17. Qc3 Nd5 18. Qd3 Nb4 19. Qc3 Nd5 20. Qd3 {½-½ Xue,H (2335)-Gu,J (2079) CHN Team Men 2023 (2.3)}) ({RR} 10... Bb4 11. Ba3 Qe7 12. Bxb4 Qxb4 13. Nbd2 a5 14. Rfc1 O-O 15. Rc5 a4 16. Ne1 Nxd4 17. exd4 Qxd4 18. Rac1 a3 19. Nef3 Qb4 20. Ne5 Rfd8 21. Rxc7 Rbc8 22. Nxd7 Rxc7 23. Rxc7 Nxd7 24. Qd3 Qa5 25. Rxd7 {1-0 Bellahcene,B (2137)-Duessel,U (2235) Oberliga Baden 1112 2011 (4.5)}) ({RR} 10... Bb4 11. Bb2 O-O 12. Nc3 Na5 13. Qc2 Bc6 14. e4 Ba8 15. Rfd1 h6 16. Ne5 Nd7 17. Nd3 Nc6 18. Na2 Ba5 19. d5 exd5 20. exd5 Ne7 21. Nab4 Bb6 22. Nc6 Nxc6 23. dxc6 Nf6 24. b4 Re8 25. Nc5 {1-0 Iljushin,A (2527)-Can,E (2281) EU-ch 7th Kusadasi 2006 (4)}) 11. e4 a6 12. Be3 Nb4 13. Ne5 Be7 14. Nc3 Rb8 15. Rfd1 O-O 16. Na2 Ra8 17. Nxb4 Bxb4 18. Rdc1 a5 19. Qc2 Ne8 20. Nd3 Be7 21. e5 c6 22. Bd2 Qb6 23. Nc5 Bc8 24. Qe4 Bxc5 25. dxc5 Qd8 26. Qxc6 Ra6 27. Bxa5 Rxa5 28. Rxa5 Qxa5 29. Qxc8 Nc7 30. Qd7 f5 31. b4 Qa7 32. Rd1 h6 33. Qd4 Kh8 34. Ra1 Qb8 35. Qd6 Rd8 36. Qb6 Qc8 37. Qc6 Qb8 38. h4 Kh7 39. Qb6 Qc8 40. Qc6 Rd7 41. Bf1 Qd8 42. Ra7 Kh8 43. Kg2 f4 44. Bxb5 Rf7 45. Rxc7 f3+ 46. Kh3 Rxc7 47. Qe8+ Qxe8 48. Bxe8 Kg8 49. c6 Kf8 50. Bd7 Ke7 51. b5 Ra7 52. b6 Rxd7 53. b7 1-0

[Event "Olympiad Women 2024"]
[Site "Budapest HUN"]
[Date "2024.09.14"]
[Round "4.13"]
[Board "3"]
[White "Borda Rodas, Anapaola S."]
[Black "Heinemann, Josefine"]
[Result "1/2-1/2"]
[WhiteElo "2216"]
[BlackElo "2316"]
[PlyCount "109"]
[EventDate "2024.09.11"]
[WhiteTeam "Argentina"]
[BlackTeam "Germany"]
[WhiteTeamCountry "ARG"]
[BlackTeamCountry "GER"]

1. e4 c5 2. Nf3 d6 3. d4 cxd4 4. Nxd4 Nf6 5. Bd3 Nc6 6. Be3 e5 7. Nxc6 bxc6 8. c4 Be7 9. Nc3 O-O 10. O-O Be6 11. Qe2 Ng4 $146 ({RR} 11... Nd7 12. b4 Bg5 13. Rfd1 Bxe3 14. Qxe3 a5 15. b5 Qc7 16. Rac1 Nc5 17. Be2 Rfd8 18. h3 Rab8 19. Rc2 h6 20. Rcd2 Kf8 21. Kh1 Ke7 22. f4 exf4 23. Qxf4 Nb7 24. Qg3 Kf8 25. Qe3 cxb5 26. cxb5 {0-1 Grischuk,A (2745)-Fier,A (2606) Chessable Masters Play-In 2023 (1)}) ({RR} 11... a5 12. h3 Nd7 13. Bc2 Qc7 14. Rfd1 Nc5 15. Rac1 Rab8 16. b3 Bc8 17. f4 exf4 18. Bxf4 Nd7 19. c5 Nxc5 20. e5 d5 21. Qf3 Be6 22. Kh1 a4 23. Ne2 axb3 24. axb3 Rb4 25. Nd4 Rfb8 26. g4 {0-1 Moen,O (2260)-Helmers,K (2345) Kringsja International Open 1978 (5)}) 12. Bc1 Bg5 13. h3 Bxc1 14. Raxc1 Nf6 15. Rfd1 Qe7 16. b4 Nd7 17. Rd2 a5 18. b5 Rfc8 19. Rdc2 Nc5 20. Qe3 Rab8 21. Bf1 Bd7 22. Rd1 Ne6 23. Rcd2 Nd4 24. bxc6 Bxc6 25. Ne2 Ba4 26. Rc1 Nxe2+ 27. Bxe2 Rc5 28. Qd3 g6 29. Rb1 Rxb1+ 30. Qxb1 Kg7 31. Qb8 Rc6 32. Bf1 Qf8 33. Qa7 Rc5 34. Rb2 Qd8 35. Rb8 Qd7 36. Rb7 Qe6 37. Re7 Qf6 38. Rc7 Rxc7 39. Qxc7 Bc2 40. Qxa5 Bxe4 41. c5 dxc5 42. Qxc5 Bc6 43. Bb5 Bxb5 44. Qxb5 e4 45. a4 Qd4 46. Qb3 Qa1+ 47. Kh2 h5 48. Qb5 Qf6 49. Qc5 Qf4+ 50. g3 Qd2 51. h4 Kh7 52. Kg2 Qa2 53. a5 e3 54. Qxe3 Qxa5 55. Qe4 1/2-1/2